Statistics for Most Populated One Word US Cities

Click here to take the quiz!

General Stats

  • This quiz has been taken 93 times
  • The average score is 12 of 15

Answer Stats

Answer% Correct
Chicago
96%
Houston
96%
Dallas
93%
Boston
90%
Philadelphia
90%
Seattle
90%
Detroit
86%
Phoenix
86%
Austin
82%
Indianapolis
70%
Baltimore
69%
Jacksonville
68%
Columbus
65%
Memphis
62%
Charlotte
56%

Score Distribution

Percentile by Number Answered

Percent of People with Each Score

Your Score History

You have not taken this quiz